[Event "Balkan Youth Online-ch 2020"]
[Site "Online"]
[Date "2020.10.31"]
[Round "3.94"]
[White "Zeycan, Alara"]
[Black "Bojovic, Neda"]
[Result "0-1"]
[WhiteElo "1230"]
[BlackElo "1316"]
[Annotator "NA RC"]
[PlyCount "106"]
[EventDate "2020.10.31"]
[EventType "swiss"]
[SourceTitle "playchess.com"]
[Source "ChessBase"]
[SourceQuality "1"]
[TimeControl "1500+5"]

1. d4 {[%emt 0:00:00]} d5 {[%emt 0:00:00]} 2. e3 {[%emt 0:00:00]} e6 {[%emt 0:00:23]} 3. Bd3 {[%emt 0:00:00]} Nf6 {[%emt 0:00:03]} 4. Nd2 {[%emt 0:00:02]} c5 {[%emt 0:00:37]} 5. c3 {[%emt 0:00:00]} Nc6 {[%emt 0:00:00]} 6. f4 {[%emt 0:00:02]} Bd6 {[%emt 0:00:00]} 7. Ndf3 {[%emt 0:00:01]} O-O {[%emt 0:00:14]} 8. Ne5 {[%emt 0:00:03]} Qc7 {[%emt 0:00:42]} 9. Ngf3 {[%emt 0:00:03]} h6 {[%emt 0:03:59]} 10. O-O {[%emt 0:00:12]} cxd4 {[%emt 0:00:24]} 11. exd4 {[%emt 0:00:03]} Qb6 {[%emt 0:00:07]} 12. Nxc6 {[%emt 0:00:04]} bxc6 {[%emt 0:00:11]} 13. Ne5 {[%emt 0:00:05]} Ba6 {[%emt 0:00:09]} 14. Be3 {[%emt 0:00:13]} Bb5 {[%emt 0:02:03]} 15. b4 {[%emt 0:00:46]} Rab8 {[%emt 0:01:26]} 16. a4 {[%emt 0:00:13]} Bxd3 {[%emt 0:00:50]} 17. Qxd3 {[%emt 0:00:03]} Qc7 {[%emt 0:01:03]} 18. Rab1 {[%emt 0:00:56]} Ne4 {[%emt 0:00:18]} 19. Rf3 {[%emt 0:00:25]} a5 {[%emt 0:00:43]} 20. bxa5 {[%emt 0:00:09]} Rxb1+ {[%emt 0:00:17]} 21. Qxb1 {[%emt 0:00:00]} Qxa5 {[%emt 0:00:00]} 22. Nxc6 {[%emt 0:01:14]} Qxa4 {[%emt 0:00:53]} 23. Ne5 {[%emt 0:01:46]} Rb8 {[%emt 0:00:38]} 24. Qe1 {[%emt 0:00:29]} Qc2 {[%emt 0:00:34]} 25. Rf1 {[%emt 0:00:39]} Rb2 {[%emt 0:00:02]} 26. Bf2 {[%emt 0:00:25]} Nxc3 {[%emt 0:00:16]} 27. h3 {[%emt 0:00:45]} Bb4 {[%emt 0:00:17]} 28. Qe3 {[%emt 0:00:22]} Qe2 {[%emt 0:02:38]} 29. Nd3 {[%emt 0:00:59]} Qxe3 {[%emt 0:01:55]} 30. Bxe3 {[%emt 0:00:02]} Re2 {[%emt 0:00:36]} 31. Bc1 {[%emt 0:00:29]} Be7 {[%emt 0:00:36]} 32. Rf2 {[%emt 0:01:37]} Re4 {[%emt 0:00:34]} 33. Kf1 {[%emt 0:01:20]} Rxd4 {[%emt 0:00:11]} 34. Rd2 {[%emt 0:00:34]} Ne4 {[%emt 0:00:07]} 35. Rd1 {[%emt 0:00:12]} Bh4 {[%emt 0:00:27]} 36. Bb2 {[%emt 0:00:07]} Ng3+ {[%emt 0:00:35]} 37. Kf2 {[%emt 0:00:17]} Re4 {[%emt 0:00:03]} 38. Kf3 {[%emt 0:00:13]} Nf5 {[%emt 0:00:21]} 39. Bc1 {[%emt 0:01:10]} h5 {[%emt 0:00:59]} 40. g3 {[%emt 0:00:37]} Bxg3 {[%emt 0:00:38]} 41. Rg1 {[%emt 0:00:17]} Bh4 {[%emt 0:00:07]} 42. Nc5 {[%emt 0:00:28]} Nd4+ {[%emt 0:00:05]} 43. Kg2 {[%emt 0:00:02]} Re2+ {[%emt 0:00:04]} 44. Kf1 {[%emt 0:02:02]} Rf2+ {[%emt 0:00:02]} 45. Ke1 {[%emt 0:00:00]} Rc2+ {[%emt 0:00:00]} 46. Kd1 {[%emt 0:00:00]} Rxc5 {[%emt 0:00:00]} 47. Be3 {[%emt 0:00:00]} Rc4 {[%emt 0:00:00]} 48. Rf1 {[%emt 0:00:23]} Nf5 {[%emt 0:00:02]} 49. Bc1 {[%emt 0:00:08]} Ra4 {[%emt 0:00:28]} 50. Kc2 {[%emt 0:00:06]} Bf6 {[%emt 0:00:03]} 51. Kb3 {[%emt 0:00:05]} Ra1 {[%emt 0:00:04]} 52. Re1 {[%emt 0:00:06]} Nd4+ {[%emt 0:00:06]} 53. Kc3 {[%emt 0:00:12]} Nf3+ {[%emt 0:00:00]} 0-1

[Event "Balkan Youth Online-ch 2020"]
[Site "Online"]
[Date "2020.10.31"]
[Round "4.1"]
[White "Boci, Mateo"]
[Black "Kisic, Jovan"]
[Result "0-1"]
[WhiteElo "1286"]
[BlackElo "2099"]
[Annotator "TA"]
[PlyCount "54"]
[EventDate "2020.10.31"]
[EventType "swiss"]
[SourceTitle "playchess.com"]
[Source "ChessBase"]
[SourceQuality "1"]

{[%evp 20,54,21,18,24,16,28,-199,-208,-181,-200,-202,-195,-270,-270,-724,-717,-719,-715,-708,-680,-710,-703,-730,-724,-807,-787,-878,-879,-855,-868,-862,-844,-1323,-1207,-1310,-1291]} 1. e4 c6 2. d4 d5 3. exd5 cxd5 4. c3 Nc6 5. Bd3 Nf6 6. Nf3 Bg4 7. h3 Bh5 8. O-O e6 9. Re1 Be7 10. Bf4 O-O 11. Nbd2 Qb6 {B13: Caro-Kann: Exchange Variation and Panov-Botvinnik Attack.} 12. Qc2 Rac8 {Threatens to win with ...Nb4!} 13. Be5 $2 {[#]} (13. Qb3 $11 {and White has nothing to worry.}) 13... Nb4 $146 {[%cal Rb4c2][%mdl 576] Pin. Black is clearly better.} ({Predecessor:} 13... Bg6 14. Ng5 Nb4 15. Qb3 Nxd3 16. Re3 Nxe5 17. dxe5 Nd7 18. Ngf3 Qxb3 19. Nxb3 Nc5 {0-1 (19) Sauer,W-Fries,H Waldfischbach 1995}) 14. Qb1 (14. cxb4 Rxc2) 14... Nxd3 {[%mdl 64] Discovered Attack} 15. Qxd3 Bg6 ({Don't play} 15... Qxb2 16. Rab1 $17) 16. Qe2 (16. Qf1 {was necessary.}) 16... Qxb2 17. Ne4 $2 (17. Nh4) 17... Qxe2 {Black is clearly winning.} 18. Nxf6+ gxf6 19. Rxe2 fxe5 20. Nxe5 Rxc3 21. Kh2 Bd6 {Strongly threatening ...f6.} 22. g3 Bxe5 23. dxe5 d4 24. Rd2 d3 25. Kg2 Rc2 26. Rdd1 d2 27. h4 Rfc8 {Black took control after the opening. Av CentiPawn Loss W=-110/B=-12. Weighted=-129/-10} 0-1

[Event "Balkan Youth Online-ch 2020"]
[Site "Online"]
[Date "2020.10.31"]
[Round "4.2"]
[White "Sava, Robert-Gabriel"]
[Black "Sevig, Mert Can"]
[Result "0-1"]
[WhiteElo "1716"]
[BlackElo "1472"]
[Annotator "NA RC"]
[PlyCount "68"]
[EventDate "2020.10.31"]
[EventType "swiss"]
[SourceTitle "playchess.com"]
[Source "ChessBase"]
[SourceQuality "1"]
[TimeControl "1500+5"]

1. e4 {[%emt 0:00:00]} c5 {[%emt 0:00:00]} 2. Nf3 {[%emt 0:00:00]} d6 {[%emt 0:00:00]} 3. Bb5+ {[%emt 0:00:00]} Bd7 {[%emt 0:00:00]} 4. Bxd7+ {[%emt 0:00:00]} Qxd7 {[%emt 0:00:00]} 5. O-O {[%emt 0:00:00]} Nc6 {[%emt 0:00:00]} 6. c3 {[%emt 0:00:00]} Nf6 {[%emt 0:00:00]} 7. Re1 {[%emt 0:00:00]} e6 {[%emt 0:00:00]} 8. d4 {[%emt 0:00:00]} cxd4 {[%emt 0:00:05]} 9. cxd4 {[%emt 0:00:00]} Be7 {[%emt 0:00:00]} 10. Nc3 {[%emt 0:00:00]} Rc8 {[%emt 0:00:02]} 11. Be3 {[%emt 0:00:10]} O-O {[%emt 0:00:41]} 12. h3 {[%emt 0:00:34]} Rfd8 {[%emt 0:00:17]} 13. Kh1 {[%emt 0:01:04]} a6 {[%emt 0:00:10]} 14. Ng1 {[%emt 0:00:54]} b5 {[%emt 0:00:11]} 15. f4 {[%emt 0:00:34]} Na5 {[%emt 0:00:57]} 16. e5 {[%emt 0:01:35]} dxe5 {[%emt 0:00:13]} 17. dxe5 {[%emt 0:00:22]} Nd5 {[%emt 0:00:16]} 18. Nxd5 {[%emt 0:00:00]} Qxd5 {[%emt 0:00:24]} 19. Bb6 {[%emt 0:01:28]} Qxd1 {[%emt 0:00:27]} 20. Raxd1 {[%emt 0:00:00]} Rxd1 {[%emt 0:00:02]} 21. Rxd1 {[%emt 0:00:00]} Nc4 {[%emt 0:00:16]} 22. Rd7 {[%emt 0:00:42]} Bh4 {[%emt 0:01:28]} 23. Bd4 {[%emt 0:00:28]} h6 {[%emt 0:01:00]} 24. Ne2 {[%emt 0:01:23]} Nxb2 {[%emt 0:01:43]} 25. g3 {[%emt 0:00:26]} Rc2 {[%emt 0:00:12]} 26. gxh4 {[%emt 0:00:50]} Rxe2 {[%emt 0:00:08]} 27. Rd8+ {[%emt 0:00:07]} Kh7 {[%emt 0:00:07]} 28. Ra8 {[%emt 0:00:58]} Nd3 {[%emt 0:00:19]} 29. Rxa6 {[%emt 0:00:18]} Nxf4 {[%emt 0:00:17]} 30. a3 {[%emt 0:00:42]} Re4 {[%emt 0:00:55]} 31. Bb2 {[%emt 0:01:11]} Re1+ {[%emt 0:00:19]} 32. Kh2 {[%emt 0:00:08]} Re2+ {[%emt 0:00:04]} 33. Kg3 {[%emt 0:00:00]} Nh5+ {[%emt 0:00:03]} 34. Kg4 {[%emt 0:00:07]} Rg2+ {[%emt 0:00:16]} 0-1

[Event "Balkan Youth Online-ch 2020"]
[Site "Online"]
[Date "2020.10.31"]
[Round "4.4"]
[White "Ivanov, Andrey A."]
[Black "Yordanov, Mario"]
[Result "1-0"]
[WhiteElo "2180"]
[BlackElo "1213"]
[Annotator "TA"]
[PlyCount "99"]
[EventDate "2020.10.31"]
[EventType "swiss"]
[SourceTitle "playchess.com"]
[Source "ChessBase"]
[SourceQuality "1"]

{[%evp 17,99,0,0,-12,-15,-16,27,10,121,120,192,116,122,122,110,-24,206,185,226,0,0,-523,-542,-613,-618,-594,-609,-786,-723,-728,-726,-811,-800,-808,-801,-939,-937,-1009,-987,-914,-806,-809,-761,-867,-870,-984,-889,-1097,-886,-1233,-1356,-1257,-1207,-1667,-1510,-1731,-1670,-1499,-1497,-1723,-1580,-1804,-1611,-1818,-1271,-1791,-1708,-1367,0,0,0,-92,0,0,0,0,0,0,0,0,0,0,29997,29998]} 1. d4 d5 2. Bf4 c5 3. e3 Nc6 4. c3 Nf6 5. Nd2 e6 6. Ngf3 Bd6 7. Bg3 O-O 8. Bd3 b6 9. Ne5 Bb7 10. f4 {D02: 1 d4 d5 2 Nf3 sidelines, including 2...Nf6 3 g3 and 2...Nf6 3 Bf4.} Ne7 11. Qf3 c4 12. Bc2 {[#] White has an edge.} Bxe5 $146 (12... b5 $11) ({Predecessor:} 12... Nf5 13. Bf2 Be7 14. Nexc4 Qc7 15. Ne5 Nd6 16. Bh4 Nfe4 17. Bxe7 Qxe7 18. Qh3 f6 {1-0 (40) Michna,M (2355)-Erofeev,A (2003) chess24.com 2019}) 13. fxe5 $16 Nd7 {[#]} (13... Ne4 $16) 14. Nxc4 $1 {[%mdl 512]} dxc4 15. Qxb7 Nd5 {[%cal Be7d5,Bd5c7,Bc7a6,Ba6c5][%mdl 32] With the idea ...Rb8.} 16. Ke2 (16. Be4 $16) 16... a5 $2 (16... Rb8 $1 $11 {and Black has nothing to worry.} 17. Qxa7 Qc8) 17. e4 $18 Nc7 {[#]} 18. Qc6 $2 (18. a4 $1 $18) 18... b5 $11 19. d5 $2 {[%mdl 8192]} (19. Qd6 $11 {and White is okay.}) 19... Ra6 $19 20. Qb7 {Threatening d6.} Nc5 $1 {[%csl LRb7,LRd5]} 21. Qxa6 N7xa6 22. dxe6 Nxe6 23. Rad1 Qc7 24. Rd6 Nac5 25. Rhd1 b4 26. cxb4 axb4 27. b3 cxb3 28. axb3 Nb7 29. R6d2 h6 30. Bb1 Nbc5 31. Rc2 Qb7 32. Rc4 f5 {aiming for ...f4.} 33. exf5 Qxg2+ 34. Bf2 Qxh2 35. Kf1 Qh3+ 36. Kg1 Qxb3 37. Rdc1 Ng5 38. Bxc5 Rd8 {( -> ...Qg3+)} 39. Bd6 Qe3+ 40. Kh2 Qf2+ 41. Kh1 Nf3 {[%csl Gf3][%cal Rf2h2]} 42. e6 Nd2 $2 (42... Ne1 $19 {[%csl Ge1][%cal Rf2g2]} 43. Be4 Qf1+ 44. Kh2 Qe2+ 45. Kg1 Rxd6) 43. Rc8 $1 $11 {[%cal Rc8d8]} Qh4+ ({Black should try} 43... Kh7 $11 44. Rxd8 Qh4+ {[%mdl 64] Double Attack} 45. Kg1 Qg5+ 46. Kf2 Nxb1) 44. Kg2 $1 $17 Nxb1 ({Better is} 44... Qg5+ $17 45. Kh1 Qh5+ 46. Kg1 Qg4+ 47. Kh1 Qh5+ 48. Kg1 Qg5+ 49. Kh1 Qh5+) 45. e7 $1 $11 {[%cal Re7d8]} Qg4+ {[#]} 46. Kh2 $1 {[%mdl 512]} Qh4+ {[#]} 47. Kg2 $1 {[%mdl 512]} Qg4+ 48. Kh2 Qe2+ {[#]} 49. Kg1 $1 {[%mdl 512]} Nd2 $2 {[%mdl 8192]} (49... Qe3+ $11 50. Kg2 Qg5+ 51. Kh1 Qh5+ 52. Kg1 Re8 53. Rxe8+ Qxe8 54. Rxb1 Qh5 55. Rxb4 Kf7) 50. exd8=Q+ {Av CentiPawn Loss W=-87/B=-92. Weighted=-81/-185} 1-0

[Event "Balkan Youth Online-ch 2020"]
[Site "Online"]
[Date "2020.10.31"]
[Round "4.5"]
[White "Domurcak, Doruk"]
[Black "Gkavardinas, Antonios"]
[Result "0-1"]
[WhiteElo "1244"]
[BlackElo "1606"]
[Annotator "NA RC"]
[PlyCount "112"]
[EventDate "2020.10.31"]
[EventType "swiss"]
[SourceTitle "playchess.com"]
[Source "ChessBase"]
[SourceQuality "1"]
[TimeControl "1500+5"]

1. e4 {[%emt 0:00:00]} c5 {[%emt 0:00:00]} 2. c4 {[%emt 0:00:00]} Nc6 {[%emt 0:00:00]} 3. Nc3 {[%emt 0:00:00]} g6 {[%emt 0:00:00]} 4. g3 {[%emt 0:00:00]} Bg7 {[%emt 0:00:00]} 5. Bg2 {[%emt 0:00:00]} Nf6 {[%emt 0:00:01]} 6. Nge2 {[%emt 0:00:00]} O-O {[%emt 0:00:00]} 7. O-O {[%emt 0:00:00]} d6 {[%emt 0:00:08]} 8. d3 {[%emt 0:00:00]} a6 {[%emt 0:00:19]} 9. h3 {[%emt 0:00:06]} Rb8 {[%emt 0:00:49]} 10. Be3 {[%emt 0:00:11]} b5 {[%emt 0:00:10]} 11. b3 {[%emt 0:00:02]} Bd7 {[%emt 0:00:30]} 12. Rc1 {[%emt 0:00:07]} Qa5 {[%emt 0:01:33]} 13. Qd2 {[%emt 0:00:20]} Ne8 {[%emt 0:00:15]} 14. f4 {[%emt 0:00:19]} Nd4 {[%emt 0:00:28]} 15. Bxd4 {[%emt 0:01:10]} cxd4 {[%emt 0:00:08]} 16. Nb1 {[%emt 0:00:01]} Qb6 {[%emt 0:00:21]} 17. Na3 {[%emt 0:01:03]} f5 {[%emt 0:01:06]} 18. Kh2 {[%emt 0:00:39]} fxe4 {[%emt 0:01:02]} 19. Bxe4 {[%emt 0:00:18]} Nf6 {[%emt 0:00:13]} 20. Bg2 {[%emt 0:00:07]} e5 {[%emt 0:00:19]} 21. Nc2 {[%emt 0:00:22]} Bc6 {[%emt 0:00:17]} 22. Bxc6 {[%emt 0:02:22]} Qxc6 {[%emt 0:00:02]} 23. Rce1 {[%emt 0:00:18]} Nd7 {[%emt 0:00:52]} 24. Nb4 {[%emt 0:00:25]} Qb7 {[%emt 0:00:10]} 25. Nd5 {[%emt 0:01:04]} bxc4 {[%emt 0:00:08]} 26. bxc4 {[%emt 0:00:35]} Qb2 {[%emt 0:00:08]} 27. Rd1 {[%emt 0:01:38]} Nc5 {[%emt 0:00:47]} 28. Rf2 {[%emt 0:01:20]} e4 {[%emt 0:00:52]} 29. Qxb2 {[%emt 0:00:50]} Rxb2 {[%emt 0:00:09]} 30. dxe4 {[%emt 0:00:17]} d3 {[%emt 0:00:17]} 31. Re1 {[%emt 0:04:27]} Nxe4 {[%emt 0:01:17]} 32. Rg2 {[%emt 0:00:05]} dxe2 {[%emt 0:00:12]} 33. Rgxe2 {[%emt 0:00:02]} Rxe2+ {[%emt 0:00:09]} 34. Rxe2 {[%emt 0:00:00]} Nc3 {[%emt 0:00:09]} 35. Nxc3 {[%emt 0:00:08]} Bxc3 {[%emt 0:00:00]} 36. Re6 {[%emt 0:00:00]} Bb4 {[%emt 0:00:00]} 37. Kg2 {[%emt 0:00:04]} Kf7 {[%emt 0:00:00]} 38. Re4 {[%emt 0:00:00]} Re8 {[%emt 0:00:00]} 39. Kf3 {[%emt 0:00:03]} Rxe4 {[%emt 0:00:00]} 40. Kxe4 {[%emt 0:00:00]} Ke6 {[%emt 0:00:00]} 41. g4 {[%emt 0:00:00]} Ba3 {[%emt 0:00:00]} 42. Kd4 {[%emt 0:00:00]} a5 {[%emt 0:00:00]} 43. Ke4 {[%emt 0:00:07]} a4 {[%emt 0:00:00]} 44. Kd4 {[%emt 0:00:00]} Bb2+ {[%emt 0:00:00]} 45. Ke4 {[%emt 0:00:00]} a3 {[%emt 0:00:00]} 46. f5+ {[%emt 0:00:28]} gxf5+ {[%emt 0:00:00]} 47. gxf5+ {[%emt 0:00:00]} Kf6 {[%emt 0:00:00]} 48. Kf4 {[%emt 0:00:25]} h5 {[%emt 0:00:00]} 49. Ke4 {[%emt 0:00:23]} Bc1 {[%emt 0:00:00]} 50. h4 {[%emt 0:00:15]} Bd2 {[%emt 0:00:00]} 51. Kd5 {[%emt 0:00:03]} Kxf5 {[%emt 0:00:00]} 52. Kxd6 {[%emt 0:00:00]} Kg4 {[%emt 0:00:00]} 53. c5 {[%emt 0:00:00]} Kxh4 {[%emt 0:00:00]} 54. Ke5 {[%emt 0:00:00]} Kg4 {[%emt 0:00:00]} 55. c6 {[%emt 0:00:00]} Bf4+ {[%emt 0:00:00]} 56. Ke6 {[%emt 0:00:00]} h4 {[%emt 0:00:00]} 0-1

[Event "Balkan Youth Online-ch 2020"]
[Site "Online"]
[Date "2020.10.31"]
[Round "4.6"]
[White "Alimema, Alvin"]
[Black "Kovacec, Tilen"]
[Result "1/2-1/2"]
[WhiteElo "1110"]
[BlackElo "1183"]
[Annotator "NA RC"]
[PlyCount "117"]
[EventDate "2020.10.31"]
[EventType "swiss"]
[SourceTitle "playchess.com"]
[Source "ChessBase"]
[SourceQuality "1"]
[TimeControl "1500+5"]

1. e4 {[%emt 0:00:00]} c5 {[%emt 0:00:00]} 2. f4 {[%emt 0:00:00]} Nc6 {[%emt 0:00:00]} 3. Nf3 {[%emt 0:00:00]} g6 {[%emt 0:00:00]} 4. Bb5 {[%emt 0:00:00]} Bg7 {[%emt 0:00:00]} 5. Bxc6 {[%emt 0:00:00]} bxc6 {[%emt 0:00:00]} 6. Nc3 {[%emt 0:00:00]} Ba6 {[%emt 0:00:05]} 7. d3 {[%emt 0:00:00]} d6 {[%emt 0:00:18]} 8. O-O {[%emt 0:00:40]} Nf6 {[%emt 0:00:18]} 9. Qe1 {[%emt 0:00:36]} O-O {[%emt 0:00:52]} 10. Qh4 {[%emt 0:00:07]} Rb8 {[%emt 0:01:13]} 11. f5 {[%emt 0:00:23]} Qb6 {[%emt 0:00:26]} 12. Ng5 {[%emt 0:01:22]} h5 {[%emt 0:00:13]} 13. Qf2 {[%emt 0:01:52]} Ng4 {[%emt 0:00:55]} 14. Qe2 {[%emt 0:00:55]} c4+ {[%emt 0:00:06]} 15. Kh1 {[%emt 0:00:03]} cxd3 {[%emt 0:00:01]} 16. cxd3 {[%emt 0:00:11]} Ne5 {[%emt 0:00:15]} 17. Rd1 {[%emt 0:00:51]} Qb7 {[%emt 0:04:13]} 18. Nf3 {[%emt 0:02:43]} Nxf3 {[%emt 0:00:37]} 19. Qxf3 {[%emt 0:00:11]} Qb4 {[%emt 0:01:30]} 20. a3 {[%emt 0:06:28]} Qb7 {[%emt 0:00:07]} 21. d4 {[%emt 0:00:39]} Qb3 {[%emt 0:01:20]} 22. Rb1 {[%emt 0:01:01]} c5 {[%emt 0:00:02]} 23. Nd5 {[%emt 0:01:09]} Qxf3 {[%emt 0:00:07]} 24. gxf3 {[%emt 0:00:03]} e6 {[%emt 0:00:17]} 25. Ne7+ {[%emt 0:00:23]} Kh7 {[%emt 0:00:05]} 26. dxc5 {[%emt 0:00:00]} dxc5 {[%emt 0:00:37]} 27. Kg2 {[%emt 0:01:42]} Rb7 {[%emt 0:00:59]} 28. Nc6 {[%emt 0:01:28]} exf5 {[%emt 0:00:30]} 29. exf5 {[%emt 0:00:02]} gxf5 {[%emt 0:00:00]} 30. Rd5 {[%emt 0:00:43]} Rb6 {[%emt 0:00:29]} 31. Ne5 {[%emt 0:01:25]} Re6 {[%emt 0:00:34]} 32. Nd7 {[%emt 0:01:44]} Rd8 {[%emt 0:00:10]} 33. Bg5 {[%emt 0:00:00]} Rg8 {[%emt 0:00:09]} 34. Nxc5 {[%emt 0:00:48]} Rg6 {[%emt 0:00:11]} 35. Nxa6 {[%emt 0:00:03]} Rxa6 {[%emt 0:00:00]} 36. Bf4 {[%emt 0:00:08]} Bh6+ {[%emt 0:00:00]} 37. Bg3 {[%emt 0:00:03]} f4 {[%emt 0:00:00]} 38. Rxh5 {[%emt 0:00:00]} fxg3 {[%emt 0:00:00]} 39. hxg3 {[%emt 0:00:00]} Rag6 {[%emt 0:00:00]} 40. g4 {[%emt 0:00:00]} Kg7 {[%emt 0:00:00]} 41. b4 {[%emt 0:00:00]} Bg5 {[%emt 0:00:06]} 42. Rd1 {[%emt 0:00:06]} a6 {[%emt 0:00:27]} 43. Kg3 {[%emt 0:00:11]} Rh8 {[%emt 0:00:09]} 44. Rxh8 {[%emt 0:00:15]} Kxh8 {[%emt 0:00:00]} 45. f4 {[%emt 0:00:10]} Bh6 {[%emt 0:00:43]} 46. g5 {[%emt 0:00:06]} Bf8 {[%emt 0:00:03]} 47. Kg4 {[%emt 0:00:00]} Rc6 {[%emt 0:00:28]} 48. f5 {[%emt 0:00:08]} Kg7 {[%emt 0:00:05]} 49. f6+ {[%emt 0:00:07]} Kg6 {[%emt 0:01:05]} 50. Rd8 {[%emt 0:00:09]} Rc4+ {[%emt 0:00:06]} 51. Kh3 {[%emt 0:00:04]} Kxg5 {[%emt 0:00:10]} 52. Rxf8 {[%emt 0:00:00]} Kxf6 {[%emt 0:00:00]} 53. Rh8 {[%emt 0:00:06]} Rc3+ {[%emt 0:00:00]} 54. Kg4 {[%emt 0:00:00]} Rxa3 {[%emt 0:00:00]} 55. Rh6+ {[%emt 0:00:00]} Ke7 {[%emt 0:00:02]} 56. Kf5 {[%emt 0:00:00]} Ra4 {[%emt 0:00:21]} 57. Ke5 {[%emt 0:00:05]} f6+ {[%emt 0:00:16]} 58. Rxf6 {[%emt 0:00:08]} Rxb4 {[%emt 0:00:05]} 59. Rxa6 {[%emt 0:00:02]} 1/2-1/2

[Event "Balkan Youth Online-ch 2020"]
[Site "Online"]
[Date "2020.10.31"]
[Round "4.7"]
[White "Palaiologou, Apostolos"]
[Black "Kuznetsov, Andrei S."]
[Result "1-0"]
[WhiteElo "1410"]
[BlackElo "2220"]
[Annotator "TA"]
[PlyCount "173"]
[EventDate "2020.10.31"]
[EventType "swiss"]
[SourceTitle "playchess.com"]
[Source "ChessBase"]
[SourceQuality "1"]

{[%evp 15,172,-68,-2,-37,-39,-41,-42,-47,-39,-47,-39,-51,-23,-37,-35,-58,-30,-40,-4,-66,-37,-49,0,-106,-26,-120,-125,-139,-78,-74,-62,-64,-62,-85,-83,-120,-121,-124,-53,-80,-66,-90,0,-103,-93,-114,-116,-125,-91,-102,0,-109,-77,-99,-19,-13,8,0,28,0,64,66,136,41,97,98,177,130,186,143,164,156,153,162,164,163,299,266,341,315,516,389,1015,1052,1089,1050,29966,6383,29987,29988,29988,29989,29989,1108,1069,989,939,806,856,640,826,624,605,368,866,840,806,794,739,503,602,529,725,725,716,662,693,669,788,793,1799,1238,1411,1023,6655,6648,6568,6423,5798,5618,29980,29981,29980,29980,29982,29983,29984,29985,29985,29986,29987,29988,29991,29989,29989,29990,29991,29991,29991,29992,29993,29994,29994,29995,29995,29996,29996,29995,29999]} 1. e4 e5 2. Nf3 Nc6 3. d4 exd4 4. Bc4 Nf6 5. e5 d5 6. Bb5 Ne4 7. Bxc6+ bxc6 8. Nxd4 Bd7 (8... Bc5 $15 9. Be3 Rb8) 9. Bf4 {C56: Two Knights: 4 d4 exd4 5 0-0 Nxe4.} (9. O-O {is more complex.} Bc5 10. f3 Ng5 11. Be3 Bb6 12. f4) 9... Bc5 {[#]} 10. Nc3 $146 ({Predecessor:} 10. O-O O-O 11. Nb3 Bb6 12. N1d2 Nxd2 13. Qxd2 f6 14. a4 a5 15. Qc3 fxe5 16. Bxe5 Qg5 {0-1 (26) Wessels,J (1211)-Tiedemann,F (1567) Magdeburg 2013}) 10... Nxc3 11. bxc3 {Black is slightly better.} O-O 12. O-O Re8 13. Re1 Ba3 14. Rb1 Rb8 15. Qd2 Bc5 16. Nb3 Bb6 17. Rbd1 (17. a4 $11 a6 18. a5) 17... Bg4 18. Rb1 Qd7 19. Nd4 (19. a4 $11 a5 20. h3) 19... Rbd8 (19... c5 $17 20. Nb3 Bf5) 20. Kh1 (20. h3 $11 Bh5 21. Ne2) 20... c5 $36 {[%mdl 2048] White is under strong pressure.} 21. Nb3 c4 (21... a5 $142 22. f3 Bf5) 22. Nd4 c6 23. f3 Bh5 24. Bg5 Rc8 25. a4 Bg6 26. Bf4 Bc5 (26... Ba5 $17 27. Red1 Qe7) 27. Rb2 Ba3 28. Ra2 Bc5 (28... Be7 $17) 29. Rb1 (29. Rb2 $11 {remains equal.}) 29... Rb8 30. Rab2 Rxb2 31. Rxb2 Ba3 32. Ra2 Bc5 (32... Be7 $17 33. Rb2 h6) 33. Qc1 (33. Rb2 $11) 33... Rc8 34. Qb1 Bxd4 (34... Bf8 $17 35. Bg3 Rd8) 35. cxd4 $11 Qf5 36. Bg3 Qd7 37. Rb2 Qd8 (37... h6 $11) 38. Rb7 Ra8 {[#]} (38... Bf5 $14) 39. Qb2 (39. e6 $1 $16) 39... Qc8 (39... Bf5 $14) 40. c3 $16 {Black is now going downhill.} Bd3 (40... h5 $16) 41. a5 a6 (41... Bf5 $16 42. Qb4 a6) 42. Qb6 h6 43. h3 Bf5 44. Rc7 Qb8 45. Qxc6 Qb1+ (45... Be6 $142) 46. Kh2 $18 Rd8 47. Qxa6 Qb3 $2 (47... Rb8) 48. Qb6 Qxc3 $2 (48... Be6 49. Qc6 Qxc3) 49. a6 Ra8 50. a7 Qb3 51. Qc6 {[%mdl 64] Double Attack} Rf8 52. a8=Q Rxa8 53. Qxa8+ Kh7 54. Qc6 (54. Rxf7 $142 Be6 {[#]} 55. Re7 $1 {[%mdl 512]} Qc2 56. Rxe6 c3 57. Rxh6+ {[%mdl 64] Clearance, Promotion} Kxh6 58. e6 Qe2 59. Qh8+ Kg6 60. Qe8+ Kg5 61. h4+ Kh6 62. Be5) 54... Be6 55. Rb7 Qd3 56. Qc5 Qc3 57. f4 {And now f5! would win.} Qd3 58. Rc7 Qe4 {intending ...Bxh3.} 59. Ra7 Qd3 $2 (59... Bxh3 60. Ra2 (60. gxh3 Qc2+ 61. Bf2 Qxf2+ {[%mdl 64] Double Attack} 62. Kh1 Qf1+ 63. Kh2 Qf2+ 64. Kh1 Qf1+ 65. Kh2 Qf2+ $11) (60. Kxh3 Qf5+ 61. Kh2 Qh5+ 62. Kg1 Qd1+ 63. Be1 Qxe1+ 64. Kh2 Qh4+ {[%mdl 64] Double Attack} 65. Kg1 Qe1+ 66. Kh2 Qh4+ {[%mdl 64] Double Attack} 67. Kg1 Qe1+ $11) 60... Be6) 60. Ra3 Qe4 61. Ra1 Qd3 62. Qb6 Qe4 63. Qb1 Bf5 64. Qxe4 Bxe4 65. Kg1 Bf5 66. Kf2 Be4 67. Bh2 Bf5 68. g4 Be4 69. Re1 Kg6 {[#]} 70. Rxe4 $1 dxe4 {[%mdl 4096] Endgame KB-KP} 71. Ke3 c3 72. Bg3 f5 73. Be1 {White mates.} c2 74. Kd2 fxg4 75. hxg4 e3+ 76. Kxc2 h5 77. gxh5+ Kxh5 {KB-KPP} 78. Kd3 Kg4 79. Kxe3 {KB-KP} Kf5 80. d5 g6 81. d6 Ke6 82. Kd4 Kd7 83. Kd5 Kd8 84. e6 g5 85. d7 Ke7 86. Ba5 {[%csl Ga5][%cal Rd7d8]} gxf4 87. d8=Q# {Av CentiPawn Loss W=-37/B=-103. Weighted=-64/-108} 1-0